[Event "It's...it's...a Ballroom Blitz! ;-)"]
[Site "SchemingMind.com"]
[Date "2013.05.30"]
[Round "-"]
[White "emvarela"]
[Black "Phillip Beckett"]
[Result "0-1"]
[WhiteCountry "ARG"]
[BlackCountry "ENG"]
[WhiteElo "1765"]
[WhiteRD "48"]
[BlackElo "1588"]
[BlackRD "47"]
[GameID "332276"]

1. e4 c5 2. Nf3 d6 3. d4 cxd4 4. Nxd4 Nf6 5. Nc3 g6 6. Be3 Bg7 7. f3 O-O 8. Qd2 Nc6 9. O-O-O Bd7 10. g4 Qa5
11. h4 Rac8 12. Nb3 Qc7 13. h5 Ne5 14. Be2 Nc4 15. Bxc4 Qxc4 16. Bxa7 Ba4 17. Be3 Bxb3 18. axb3 Qa6 19. hxg6 fxg6 20. Bh6 Rxc3
21. Bxg7 Qa1#
0-1

[Event "It's...it's...a Ballroom Blitz! ;-)"]
[Site "SchemingMind.com"]
[Date "2013.05.30"]
[Round "-"]
[White "Phillip Beckett"]
[Black "emvarela"]
[Result "0-1"]
[WhiteCountry "ENG"]
[BlackCountry "ARG"]
[WhiteElo "1588"]
[WhiteRD "47"]
[BlackElo "1765"]
[BlackRD "48"]
[GameID "332280"]

1. e4 e5 2. Nf3 Nc6 3. Bb5 f5 4. Bxc6 dxc6 5. Nxe5 Qd4 6. Qh5+ g6 7. Nxg6 hxg6 8. Qxg6+ Kd8 9. d3 Ne7 10. Qg5 Bh6
0-1

[Event "It's...it's...a Ballroom Blitz! ;-)"]
[Site "SchemingMind.com"]
[Date "2013.05.27"]
[Round "-"]
[White "simpet"]
[Black "capablanca"]
[Result "1/2-1/2"]
[WhiteCountry "ENG"]
[BlackCountry "GER"]
[WhiteElo "1699"]
[WhiteRD "54"]
[BlackElo "1694"]
[BlackRD "64"]
[GameID "332349"]

1. e4 d5 2. e5 c5 3. Nf3 e6 4. c3 Nc6 5. Bb5 Ne7 6. d4 cxd4 7. Nxd4 Bd7 8. f4 Nxd4 9. Bxd7+ Qxd7 10. cxd4 Nc6
11. Nc3 Bb4 12. O-O b6 13. a3 Bxc3 14. bxc3 Rc8 15. Qf3 Ne7 16. g4 Rc4 17. Bb2 Qa4 18. f5 Qc2 19. Rf2 Qe4 20. Qxe4 dxe4
21. fxe6 fxe6 22. Re1 Nd5 23. Rxe4 Nxc3 24. Re1 Nd5 25. Rc1 Rxc1+ 26. Bxc1 Rf8 27. Rc2 Kd7 28. h3 Rc8 29. Rxc8 Kxc8 30. Bd2 b5
31. Kf2 Kc7=
1/2-1/2

[Event "It's...it's...a Ballroom Blitz! ;-)"]
[Site "SchemingMind.com"]
[Date "2013.05.27"]
[Round "-"]
[White "capablanca"]
[Black "simpet"]
[Result "1-0"]
[WhiteCountry "GER"]
[BlackCountry "ENG"]
[WhiteElo "1694"]
[WhiteRD "64"]
[BlackElo "1699"]
[BlackRD "54"]
[GameID "332353"]

1. d4 Nf6 2. c4 g6 3. Nc3 Bg7 4. e4 O-O 5. Nf3 d6 6. Be2 b6 7. O-O Bb7 8. d5 Nbd7 9. b4 c5 10. b5 a6
11. Bb2 axb5 12. Nxb5 Nxe4 13. Bxg7 Kxg7 14. Nd2 Nef6 15. Qb3 Ba6 16. Rfe1 Ne5 17. f4 Ned7 18. Bd3 Nh5 19. Rf1 Re8 20. Rae1 Kg8
21. a4 Ndf6 22. Qd1 Bc8 23. Ne4 Bg4 24. Be2 Bxe2 25. Rxe2 e6 26. Nexd6 Re7 27. dxe6 fxe6 28. Qc2 Ng7 29. Rd1 Qb8 30. Red2 Nfe8
31. Nxe8 Nxe8 32. g3 Qb7 33. Rd8 Rxd8 34. Rxd8 Kf7 35. Rxe8 Rd7 36. Rh8 Kg7 37. Qc3+ Kh6 38. g4 Rd1+ 39. Kf2 Rd7 40. g5+
1-0

[Event "It's...it's...a Ballroom Blitz! ;-)"]
[Site "SchemingMind.com"]
[Date "2013.05.31"]
[Round "-"]
[White "ray winteringham"]
[Black "kenneth m day"]
[Result "0-1"]
[WhiteCountry "ENG"]
[BlackCountry "USA"]
[WhiteElo "1539"]
[WhiteRD "50"]
[BlackElo "1791"]
[BlackRD "48"]
[GameID "332554"]

1. e4 e5 2. Nf3 Nc6 3. Bc4 Nf6 4. d3 Bc5 5. O-O h6 6. Be3 Bxe3 7. fxe3 d6 8. Nc3 g5 9. h3 g4 10. hxg4 Bxg4
11. a3 Qd7 12. Qd2 h5 13. Ng5 Rh6 14. Bxf7+ Ke7 15. Rxf6 Kxf6 16. Nd5+ Kxg5 17. Rf1 Ne7 18. Nxe7 Qxe7 19. d4 Rf8 20. Bd5 Rhf6
21. Rf5+ Bxf5 22. exf5 e4 23. Qf2 Rxf5 24. Qg3+ Kh6
0-1

[Event "It's...it's...a Ballroom Blitz! ;-)"]
[Site "SchemingMind.com"]
[Date "2013.05.31"]
[Round "-"]
[White "kenneth m day"]
[Black "ray winteringham"]
[Result "1-0"]
[WhiteCountry "USA"]
[BlackCountry "ENG"]
[WhiteElo "1791"]
[WhiteRD "48"]
[BlackElo "1539"]
[BlackRD "50"]
[GameID "332556"]

1. e4 e5 2. Nf3 Nc6 3. d4 exd4 4. c3 dxc3 5. Nxc3 Bb4 6. Bc4 Bxc3+ 7. bxc3 h6 8. Ba3 Nge7 9. Qe2 d6 10. Rd1 O-O
11. e5 Re8 12. O-O Kh8 13. Bxf7 Rf8 14. Ng5 Nf5 15. Ne6 Bxe6 16. Bxe6 Nxe5 17. Qe4 Qf6 18. Bxf5 Qxf5 19. Qxb7 c5 20. Rxd6 Nd3
21. Rd5 Qe4 22. Rd7 Nxf2 23. Bxc5 Nh3+ 24. gxh3 Qg6+ 25. Qg2 Rxf1+ 26. Kxf1 Qb1+ 27. Ke2 Qxa2+ 28. Rd2 Qc4+ 29. Kd1 Qxc5 30. Qxa8+ Kh7
31. Qe4+
1-0

[Event "It's...it's...a Ballroom Blitz! ;-)"]
[Site "SchemingMind.com"]
[Date "2013.06.06"]
[Round "-"]
[White "Clive Everill"]
[Black "Scooter"]
[Result "1-0"]
[WhiteCountry "CZE"]
[BlackCountry "USA"]
[WhiteElo "1698"]
[WhiteRD "55"]
[BlackElo "1740"]
[BlackRD "49"]
[GameID "332807"]

1. e4 c6 2. Nc3 d5 3. Nf3 dxe4 4. Nxe4 Bg4 5. h3 Bxf3 6. Qxf3 Nd7 7. d4 Ngf6 8. Bc4 e6 9. Bg5 Be7 10. O-O-O O-O
11. Ng3 Qa5 12. h4 h6 13. Bd2 Bb4 14. c3 Bd6 15. Ne2 e5 16. g4 e4 17. Qh3 b5 18. Bb3 Nd5 19. g5 h5 20. Qxd7
1-0

[Event "It's...it's...a Ballroom Blitz! ;-)"]
[Site "SchemingMind.com"]
[Date "2013.06.06"]
[Round "-"]
[White "Scooter"]
[Black "Clive Everill"]
[Result "1-0"]
[WhiteCountry "USA"]
[BlackCountry "CZE"]
[WhiteElo "1740"]
[WhiteRD "49"]
[BlackElo "1698"]
[BlackRD "55"]
[GameID "332811"]

1. d4 d5 2. Nf3 c5 3. e3 Nf6 4. c3 Nbd7 5. Bb5 e6 6. O-O c4 7. Nbd2 a6 8. Bxd7+ Bxd7 9. b4 Bd6 10. a4 Qc7
11. h3 O-O-O 12. Re1 Ne4 13. Qc2 Nxd2 14. Bxd2 h6 15. e4 f5 16. exf5 exf5 17. Ne5 Be6 18. Nxc4 Qxc4 19. Rxe6 Rhf8 20. Rb1 g5
21. Qb3 Qc6 22. Rxh6 Bh2+ 23. Kxh2 Qxh6 24. Re1 Qd6+ 25. Kg1 f4 26. Re5 Rg8 27. b5 axb5 28. Qxb5 Rd7 29. Qa5 Kb8 30. Qb5 Qc6
31. Qb3 Ka8 32. g3 g4 33. hxg4 fxg3 34. fxg3 Rxg4 35. Bf4 Rdg7 36. Kf2 Rd7 37. Kf3 Rg8 38. Kf2 Rh8 39. Qb4 Rh2+ 40. Ke3 Rh1
41. Qa5+ Qa6 42. Re8+ Ka7 43. Bb8+ Ka8 44. Bc7+ Ka7 45. Bb6#
1-0

[Event "It's...it's...a Ballroom Blitz! ;-)"]
[Site "SchemingMind.com"]
[Date "2013.06.08"]
[Round "-"]
[White "mochiron"]
[Black "ampp"]
[Result "1-0"]
[WhiteCountry "JPN"]
[BlackCountry "POR"]
[WhiteElo "1344"]
[WhiteRD "73"]
[BlackElo "1302"]
[BlackRD "69"]
[GameID "332847"]

1. c4 Nc6 2. Nc3 e5 3. e4 d6 4. d3 Nf6 5. Nf3 Bg4 6. Be2 Be7 7. O-O O-O 8. h3 Bh5 9. g4 Bg6 10. Nd5 Nxd5
11. cxd5 Nd4 12. Nxd4 exd4 13. Bd2 c6 14. f4 c5 15. f5 Bxf5 16. gxf5 Bf6 17. Kh2 b5 18. Rg1 a5 19. Bh5 c4 20. Qf3 c3
21. bxc3 dxc3 22. Bh6 b4 23. Rg2 c2 24. Rc1 Rc8 25. Bf4 a4 26. Rgxc2 Rxc2+ 27. Rxc2 Re8 28. Bxf7+ Kxf7 29. Qh5+ Kg8 30. Rc4 Qa5
31. Bxd6 b3 32. axb3 Qa6 33. Qxe8#
1-0

[Event "It's...it's...a Ballroom Blitz! ;-)"]
[Site "SchemingMind.com"]
[Date "2013.06.08"]
[Round "-"]
[White "ampp"]
[Black "mochiron"]
[Result "1/2-1/2"]
[WhiteCountry "POR"]
[BlackCountry "JPN"]
[WhiteElo "1353"]
[WhiteRD "67"]
[BlackElo "1339"]
[BlackRD "75"]
[GameID "332852"]

1. e4 c5 2. Nf3 Nc6 3. d4 cxd4 4. Nxd4 Nxd4 5. Qxd4 e6 6. Bb5 Be7 7. Nc3 Nf6 8. O-O O-O 9. Bg5 a6 10. Bd3 b5
11. b4 Bb7 12. a3 d6 13. e5 dxe5 14. Qxe5 Ng4 15. Bxe7 Qxe7 16. Qf4 Nf6 17. Rfe1 Rad8 18. Ne4 Nxe4 19. Bxe4 Bxe4 20. Rxe4 f5
21. Ree1 g5 22. Qe5 Rf6 23. Qg3 Rg6 24. h3 f4 25. Qf3 e5 26. Qe4 Rf8 27. Qxe5 Qxe5 28. Rxe5 g4 29. h4 Rd6 30. Rg5+ Kf7
31. Rxg4 Ke6 32. g3 fxg3 33. fxg3 Rd2 34. Re4+ Kd5 35. Rae1 Rff2 36. Re5+ Kd4 37. R1e4+ Kc3 38. Rc5+ Kb2 39. c4 Rg2+ 40. Kf1 Rh2
41. Kg1 Rhg2+= 42. Kf1 Rxg3 43. Re2 Rxe2 44. Kxe2 Kxa3 45. cxb5 axb5 46. Rxb5 Rg4 47. Ra5+ Kxb4 48. Rh5 Re4+ 49. Kf3 Re7 50. Kf4 Rf7+
51. Kg5 Kc4 52. Rh6 Kd5 53. Rf6 Rg7+ 54. Kf5 Rg8 55. Rf7 Rg1 56. Rxh7= Rf1+ 57. Kg5 Ke6 58. h5 Rg1+ 59. Kf4 Kf6 60. Rh6+ Kg7
61. Rg6+ Rxg6 62. hxg6 Kxg6
1/2-1/2

[Event "It's...it's...a Ballroom Blitz! ;-)"]
[Site "SchemingMind.com"]
[Date "2013.06.10"]
[Round "-"]
[White "Hexsaw"]
[Black "lennart"]
[Result "0-1"]
[WhiteCountry "ENG"]
[BlackCountry "SWE"]
[WhiteElo "1429"]
[WhiteRD "96"]
[BlackElo "1484"]
[BlackRD "63"]
[GameID "333007"]

1. d4 h6 2. Nf3 a6 3. e4 e6 4. Nc3 Nc6 5. Be3 Nf6 6. Bd3 Be7 7. O-O b5 8. e5 Ng8 9. Re1 d6 10. Bf4 d5
11. Qe2 b4 12. Na4 a5 13. Bb5 Bd7 14. Nc5 Bxc5 15. dxc5 Nge7 16. Qd2 Rb8 17. Nd4 Nxd4 18. Bxd7+ Qxd7 19. Qxd4 Nc6 20. Qd3 O-O
21. Re3 Ne7 22. Rg3 Nf5 23. Rh3 Rfc8 24. g4 Ne7 25. g5 g6 26. gxh6 Kh7 27. Bg5 Nf5 28. Qd2 Rg8 29. Bf6 Rb5 30. Re1 Rxc5
31. c3 Rc4 32. cxb4 axb4 33. f3 c6 34. Re2 Qa7+ 35. Kf1 Qxa2 36. Rg2 d4 37. Bg5 Qb1+ 38. Qe1 Qd3+ 39. Re2 Ra8 40. Qd2 Qb3
41. Qe1 d3 42. Re3 Nxe3+ 43. Qxe3 Ra1+ 44. Kg2 Qxb2+ 45. Kg3 Rcc1 46. Qxd3 Rg1+ 47. Kf4 b3 48. Qd7 Ra4+ 49. Ke3 Re1+ 50. Kd3 Rd1+
0-1

[Event "It's...it's...a Ballroom Blitz! ;-)"]
[Site "SchemingMind.com"]
[Date "2013.06.10"]
[Round "-"]
[White "lennart"]
[Black "Hexsaw"]
[Result "0-1"]
[WhiteCountry "SWE"]
[BlackCountry "ENG"]
[WhiteElo "1501"]
[WhiteRD "60"]
[BlackElo "1450"]
[BlackRD "101"]
[GameID "333013"]

1. e4 e5 2. Nf3 Nc6 3. a3 Nf6 4. h3 Nxe4 5. Qe2 d5 6. d3 Nf6 7. Bg5 Be7 8. h4 e4 9. dxe4 dxe4 10. Nfd2 O-O
11. h5 Bg4 12. f3 Nd4 13. Qd1 Bxh5 14. Rxh5 Nxh5 15. Be3 f5 16. Bc4+ Rf7 17. Bxf7+ Kxf7 18. fxe4 Nf6 19. e5 Ng4 20. Bg1 Nxe5
21. Qh5+ Kg8 22. Bxd4 Qxd4 23. Nc3 Bh4+
0-1

[Event "It's...it's...a Ballroom Blitz! ;-)"]
[Site "SchemingMind.com"]
[Date "2013.06.21"]
[Round "-"]
[White "emvarela"]
[Black "kenneth m day"]
[Result "0-1"]
[WhiteCountry "ARG"]
[BlackCountry "USA"]
[WhiteElo "1761"]
[WhiteRD "48"]
[BlackElo "1768"]
[BlackRD "51"]
[GameID "333262"]

1. e4 e5 2. Nf3 Nc6 3. Bb5 f5 4. Nc3 fxe4 5. Nxe4 Nf6 6. d3 d6 7. Bg5 Be7 8. Nxf6+ Bxf6 9. Bxf6 Qxf6 10. Qd2 Bd7
11. O-O-O O-O 12. Bc4+ Kh8 13. h3 Na5 14. Qxa5 b6 15. Qd2 Bc6 16. Ng5 h6 17. Ne6 Rf7 18. f3 d5 19. Nxc7 Rxc7 20. Bb3 Rac8
21. Rhf1 a5 22. f4 Qd6 23. fxe5 Qxe5 24. Rde1 Qd6 25. Qf2 a4 26. Qxb6 axb3 27. axb3 Rb7 28. Qd4 Rbc7 29. Re2 Bb5 30. Rfe1 Bd7
31. Re7 Rxc2+ 32. Kb1 Qxe7 33. Rxe7 Rc1+
0-1

[Event "It's...it's...a Ballroom Blitz! ;-)"]
[Site "SchemingMind.com"]
[Date "2013.06.21"]
[Round "-"]
[White "kenneth m day"]
[Black "emvarela"]
[Result "0-1"]
[WhiteCountry "USA"]
[BlackCountry "ARG"]
[WhiteElo "1768"]
[WhiteRD "51"]
[BlackElo "1761"]
[BlackRD "48"]
[GameID "333264"]

1. e4 e5 2. Nf3 Nc6 3. d4 exd4 4. c3 d6 5. cxd4 Nf6 6. Nc3 Be7 7. Bc4 O-O 8. O-O Bg4 9. Be3 Re8 10. h3 Bh5
11. Qe2 a6 12. g4 Bg6 13. Bd3 Nb4 14. Bb1 c5 15. a3 cxd4 16. Bxd4 Nc6 17. Be3 Nd7 18. Ba2 Bf6 19. Rac1 Bxc3 20. Rxc3 Bxe4
21. Ng5 Bg6 22. Qf3 Nce5 23. Qxb7 Rb8 24. Qxa6 Rxb2 25. Bd5 h6 26. Nf3 Nxf3+ 27. Bxf3 Ne5 28. Bd5 Qh4 29. Bg2 Nxg4 30. hxg4 Qxg4
31. Qxd6 Be4 32. Qg3 Qxg3 33. fxg3 Rxg2+ 34. Kh1 Rc2+
0-1

[Event "It's...it's...a Ballroom Blitz! ;-)"]
[Site "SchemingMind.com"]
[Date "2013.07.02"]
[Round "-"]
[White "Clive Everill"]
[Black "Andreas Flato"]
[Result "0-1"]
[WhiteCountry "CZE"]
[BlackCountry "GER"]
[WhiteElo "1720"]
[WhiteRD "54"]
[BlackElo "1784"]
[BlackRD "79"]
[GameID "333765"]

1. e4 e5 2. f4 exf4 3. Nf3 d6 4. Bc4 h6 5. b3 g5 6. Bb2 Nf6 7. O-O Bg7 8. Re1 O-O 9. d4 Ng4 10. Bc1 Re8
11. c3 c6 12. h3 Nf6 13. Nbd2 d5 14. exd5 cxd5 15. Rxe8+ Qxe8 16. Bd3 Qe3+ 17. Kh1 Qxd3 18. Bb2 Be6 19. Ne5 Qg3 20. Qc2 Nc6
21. Nef3 Bxh3 22. Nf1 Qxg2+ 23. Qxg2 Bxg2+ 24. Kxg2 Ne4 25. N1h2 f5 26. c4 dxc4 27. bxc4 g4 28. Ne5 f3+ 29. Nhxf3 gxf3+ 30. Kxf3 Nxe5+
31. dxe5 Nd2+ 32. Kf4 Nxc4 33. Bc3 Bxe5+ 34. Bxe5 Nxe5 35. Kxe5 Rf8 36. Kf4 Kh7 37. Rc1 Rf7 38. Rc3 b6 39. a4 h5 40. Kg5 f4
41. Kxh5 f3 42. Rc1 f2 43. Rf1 Rf5+ 44. Kg4 Kg6 45. Kg3 Kf6 46. Rxf2 Rxf2 47. Kxf2 Ke5 48. Ke3 a6 49. Kd3 Kd5 50. Kc3 Kc5
51. Kb3 Kd4 52. Kb4 Kd5 53. a5 b5 54. Kb3 Kc5 55. Ka3 Kc4
0-1

[Event "It's...it's...a Ballroom Blitz! ;-)"]
[Site "SchemingMind.com"]
[Date "2013.06.27"]
[Round "-"]
[White "Andreas Flato"]
[Black "Clive Everill"]
[Result "1-0"]
[WhiteCountry "GER"]
[BlackCountry "CZE"]
[WhiteElo "1784"]
[WhiteRD "79"]
[BlackElo "1720"]
[BlackRD "54"]
[GameID "333771"]

1. e4 e6 2. Nf3 c6 3. d4 d6 4. c4 h6 5. Nc3 Nd7 6. Be2 Nb6 7. O-O Bd7 8. b4 Ne7 9. a4 a5 10. b5 c5
11. dxc5 dxc5 12. Be3 Ng6 13. Qc2 Bd6 14. Rad1 Qc7 15. g3 O-O 16. Rd2 Rfd8 17. Rfd1 Be8 18. Ne1 Rd7 19. f4 f6 20. Kg2 Rad8
21. Kf3 Nc8 22. h4 Nf8 23. Kg2 b6 24. Bf3 Be7 25. Ne2 Rxd2 26. Rxd2 Rxd2 27. Qxd2 Nd6 28. Qd3 h5 29. Nc2 Bg6 30. Nc3 Bf7
31. Bd2 e5 32. Nd5 Qd8 33. f5 g6 34. Nce3 Kg7 35. Nxe7 Qxe7 36. Nd5 Qd8 37. Be2 Nh7 38. Qe3 g5 39. Kh3 Nc8 40. Bxa5 Qd6
41. Bxb6 Nxb6 42. a5 g4+ 43. Kg2 Bxd5 44. cxd5 Nc8 45. Qb3 Nf8 46. b6 Nd7 47. b7 Na7 48. Bb5 Nb8 49. Be8 Qa6 50. Qe3 Qxa5
51. Bxh5 Qb4 52. Bxg4 Nb5 53. Bf3 Nd4 54. g4 Qxb7 55. g5 Qb2+ 56. Kg3 c4 57. gxf6+ Kxf6 58. Qg5+ Kf7 59. Bh5+ Kf8 60. Qf6+ Kg8
61. Qf7+ Kh8 62. Qf8+ Kh7 63. Bg6#
1-0

[Event "It's...it's...a Ballroom Blitz! ;-)"]
[Site "SchemingMind.com"]
[Date "2013.07.16"]
[Round "-"]
[White "mochiron"]
[Black "capablanca"]
[Result "0-1"]
[WhiteCountry "JPN"]
[BlackCountry "GER"]
[WhiteElo "1350"]
[WhiteRD "80"]
[BlackElo "1758"]
[BlackRD "62"]
[GameID "334857"]

1. b4 Nf6 2. Bb2 e6 3. b5 b6 4. e3 Bb7 5. Nf3 d6 6. Be2 Nbd7 7. O-O g6 8. d4 Bg7 9. h3 O-O 10. Nc3 c5
11. bxc6 Bxc6 12. e4 Rc8 13. d5 exd5 14. Nxd5 Nxd5 15. Bxg7 Kxg7 16. exd5 Bb7 17. c4 Ba6 18. c5 Bxe2 19. Qxe2 Rxc5 20. h4 Rxd5
21. Ng5 Re8 22. Qf3 Rf5 23. Qc3+ Kg8 24. Rae1 Rfe5 25. Rxe5 Rxe5 26. Qf3 Rf5 27. Qg4 Nf6 28. Qh3 d5 29. g4 Rf4 30. h5 Rxg4+
31. Kh1 Rxg5 32. hxg6 Rh5
0-1

[Event "It's...it's...a Ballroom Blitz! ;-)"]
[Site "SchemingMind.com"]
[Date "2013.07.16"]
[Round "-"]
[White "capablanca"]
[Black "mochiron"]
[Result "1-0"]
[WhiteCountry "GER"]
[BlackCountry "JPN"]
[WhiteElo "1758"]
[WhiteRD "62"]
[BlackElo "1350"]
[BlackRD "80"]
[GameID "334867"]

1. e4 c6 2. d4 d5 3. Nc3 dxe4 4. Nxe4 Bf5 5. Ng3 e6 6. Nxf5 exf5 7. Nf3 Bb4+ 8. Bd2 Bd6 9. Bc4 Nf6 10. O-O h6
11. Re1+ Kf8 12. Bd3 f4 13. Ne5 Bxe5 14. dxe5 Nd5 15. c4 Ne7 16. Bxf4 Nd7 17. e6 fxe6 18. Qf3 Nf6 19. Rxe6 Qd4 20. Be5 Qg4
21. Qxg4 Nxg4 22. Bxg7+ Kxg7 23. Rxe7+ Kf6 24. Rae1 Raf8 25. h3 Nxf2 26. Kxf2 Kg5+ 27. Kg3 Rhg8 28. h4+ Kh5+ 29. Kh3 Rf2 30. R1e5+ Rg5
31. g4#
1-0

[Event "It's...it's...a Ballroom Blitz! ;-)"]
[Site "SchemingMind.com"]
[Date "2013.08.02"]
[Round "-"]
[White "DefensaSiciliana"]
[Black "Hexsaw"]
[Result "0-1"]
[WhiteCountry "ESP"]
[BlackCountry "ENG"]
[WhiteElo "1514"]
[WhiteRD "79"]
[BlackElo "1315"]
[BlackRD "79"]
[GameID "336015"]

1. e4 e5 2. Nf3 Nc6 3. Bb5 a6 4. Ba4 b5 5. Bb3 Nf6 6. O-O Be7 7. Re1 O-O 8. c3 d6 9. h3 Bb7 10. d4 d5
11. dxe5 dxe4 12. exf6 Qxd1 13. Bxd1 Bxf6 14. Nh2 Rfe8 15. Be3 Rad8 16. Bc2 Ne5 17. Nd2 c5 18. Nxe4 Bxe4 19. Bxe4 c4 20. Rad1 g5
21. Bc2 Nc6 22. Rxd8 Rxd8 23. Rd1 h6 24. Rxd8+ Nxd8 25. Nf3 Ne6 26. Bf5 Nf4 27. Bxf4 gxf4
0-1

[Event "It's...it's...a Ballroom Blitz! ;-)"]
[Site "SchemingMind.com"]
[Date "2013.08.02"]
[Round "-"]
[White "Hexsaw"]
[Black "DefensaSiciliana"]
[Result "1-0"]
[WhiteCountry "ENG"]
[BlackCountry "ESP"]
[WhiteElo "1398"]
[WhiteRD "87"]
[BlackElo "1302"]
[BlackRD "89"]
[GameID "336021"]

1. e4 Nf6 2. Nc3 d5 3. d4 dxe4 4. Bg5 Nbd7 5. f3 exf3 6. Nxf3 e6 7. Bb5 c6 8. Ba4 Be7 9. O-O O-O 10. Re1 b5
11. Bb3 a6 12. a4 b4 13. Ne4
1-0

[Event "It's...it's...a Ballroom Blitz! ;-)"]
[Site "SchemingMind.com"]
[Date "2013.08.15"]
[Round "-"]
[White "Andreas Flato"]
[Black "capablanca"]
[Result "0-1"]
[WhiteCountry "GER"]
[BlackCountry "GER"]
[WhiteElo "1784"]
[WhiteRD "79"]
[BlackElo "1758"]
[BlackRD "62"]
[GameID "336857"]

1. e4 c5 2. a3 Nc6 3. b4 cxb4 4. axb4 Nxb4 5. Ra4 e5 6. c3 Nc6 7. Nf3 b5 8. Bxb5 Bb7 9. Na3 a6 10. Bd3 Nf6
11. Qe2 Be7 12. Nc4 d6 13. O-O O-O 14. Bc2 Nd7 15. d4 Nb6 16. Nxb6 Qxb6 17. Ba3 exd4 18. Rb1 Qc7 19. cxd4 Rfe8 20. d5 Na7
21. Nd4 Nb5 22. Nxb5 axb5 23. Rxa8 Rxa8 24. Bb2 Ba6 25. Bb3 Bg5 26. Ra1 Qb6 27. g3 b4 28. Kg2 Bxe2
0-1

[Event "It's...it's...a Ballroom Blitz! ;-)"]
[Site "SchemingMind.com"]
[Date "2013.08.15"]
[Round "-"]
[White "capablanca"]
[Black "Andreas Flato"]
[Result "1/2-1/2"]
[WhiteCountry "GER"]
[BlackCountry "GER"]
[WhiteElo "1758"]
[WhiteRD "62"]
[BlackElo "1784"]
[BlackRD "79"]
[GameID "336860"]

1. e4 e5 2. Bc4 Nf6 3. Nc3 d6 4. d3 Be7 5. h3 O-O 6. Nf3 c6 7. O-O b5 8. Bb3 a5 9. a3 Bb7 10. Be3 a4
11. Ba2 Nbd7 12. Re1 Qa5 13. Bd2 Qb6 14. Be3 c5 15. Nd5 Nxd5 16. Bxd5 Bxd5 17. exd5 Qa5 18. c4 b4 19. Bd2 Ra6 20. Ng5 h6
21. Ne4 f5 22. Ng3 g5 23. Qh5 Kg7 24. Qf3 f4 25. Ne4 Nf6 26. Rec1=
1/2-1/2

[Event "It's...it's...a Ballroom Blitz! ;-)"]
[Site "SchemingMind.com"]
[Date "2013.10.02"]
[Round "-"]
[White "kenneth m day"]
[Black "Hexsaw"]
[Result "1-0"]
[WhiteCountry "USA"]
[BlackCountry "ENG"]
[WhiteElo "1758"]
[WhiteRD "53"]
[BlackElo "1315"]
[BlackRD "79"]
[GameID "339325"]

1. e4 e5 2. f4 exf4 3. Nf3 g5 4. h4 g4 5. Ne5 Nf6 6. Bc4 Qe7 7. d4 d6 8. Bxf7+ Kd8 9. Bxf4 dxe5 10. dxe5+ Nbd7
11. Bb3 h5 12. Nc3 Nxe4 13. Nxe4 Qb4+ 14. Nc3 Bg7 15. O-O b6 16. e6 c5 17. exd7 Bxd7 18. Qd2 Qd4+ 19. Qxd4 cxd4 20. Nd5 Bb5
21. Bg5+ Kd7 22. Rf7+ Ke6 23. Rxg7 Rhf8 24. Nc7+
1-0

[Event "It's...it's...a Ballroom Blitz! ;-)"]
[Site "SchemingMind.com"]
[Date "2013.10.03"]
[Round "-"]
[White "Hexsaw"]
[Black "kenneth m day"]
[Result "0-1"]
[WhiteCountry "ENG"]
[BlackCountry "USA"]
[WhiteElo "1315"]
[WhiteRD "79"]
[BlackElo "1758"]
[BlackRD "53"]
[GameID "339328"]

1. d4 Nf6 2. Nf3 d5 3. Nc3 Bf5 4. e3 e6 5. Bd3 Bxd3 6. Qxd3 c6 7. O-O Bd6 8. e4 dxe4 9. Nxe4 Nxe4 10. Qxe4 O-O
11. c4 Nd7 12. a3 Nf6 13. Qe2 Qc7 14. c5 Be7 15. Qe5 Qxe5 16. Nxe5 Rad8
0-1

[Event "It's...it's...a Ballroom Blitz! ;-)"]
[Site "SchemingMind.com"]
[Date "2013.10.27"]
[Round "-"]
[White "capablanca"]
[Black "kenneth m day"]
[Result "0-1"]
[WhiteCountry "GER"]
[BlackCountry "USA"]
[WhiteElo "1643"]
[WhiteRD "61"]
[BlackElo "1807"]
[BlackRD "52"]
[GameID "340760"]

1. e4 e5 2. Nf3 Nc6 3. Bc4 Bc5 4. c3 Nf6 5. d4 exd4 6. cxd4 Bb4+ 7. Nc3 Nxe4 8. O-O Bxc3 9. d5 Bf6 10. Re1 Ne7
11. Rxe4 O-O 12. Bg5 Nf5 13. Bxf6 Qxf6 14. Rf4 Qg6 15. Ne5 Qg5 16. Rg4 Qf6 17. Nf3 d6 18. Rf4 Qxb2 19. Rb1 Qa3 20. Qc2 Ne7
21. Ng5 Ng6 22. Rf3 Qc5 23. Rb5 Qd4 24. Rf4 Qxf4
0-1

[Event "It's...it's...a Ballroom Blitz! ;-)"]
[Site "SchemingMind.com"]
[Date "2013.10.27"]
[Round "-"]
[White "kenneth m day"]
[Black "capablanca"]
[Result "1-0"]
[WhiteCountry "USA"]
[BlackCountry "GER"]
[WhiteElo "1807"]
[WhiteRD "52"]
[BlackElo "1643"]
[BlackRD "61"]
[GameID "340763"]

1. e4 d5 2. exd5 Qxd5 3. Nc3 Qa5 4. d4 Nf6 5. Nf3 c6 6. Bc4 Bg4 7. O-O e6 8. h3 Bh5 9. Re1 Be7 10. Bd2 Nbd7
11. a3 O-O-O 12. Nd5
1-0